00297nam a2200109Ia 4500008004100000082001700041100001500058245003600073260005400109300000800163650001600171191201s2005 xx 000 0 und d a621.381bGUG aGUPTA, B R 0aGeneration of Electrical Energy aN.DelhibEurasia Publication House Pvt Ltd.c2005 a493 aB.Tech(ECE)